Statistics for Words with Only "Y" as a Vowel.

Click here to take the quiz!

General Stats

  • This quiz has been taken 55 times
    (35 since last reset)
  • The average score is 10 of 20

Answer Stats

Hint Answer % Correct
One of the five "w" questions.why
100%
A species of wild cat.lynx
96%
A song, usually religious in theme.hymn
91%
A member of an ethnic group whose average height is unusually short.pygmy
70%
A term often regarded as a derogatory reference to the Romani people.gypsy
65%
In Greek mythology the river that separated earth from the underworld.Styx
57%
A traditional story usually celebrating heroic events or explaining a natural phenomenon.myth
57%
In the body a sac or cavity of abnormal character, containing fluid.cyst
57%
A private romantic rendezvous.tryst
57%
A stone chamber often below the floor of cathedral, containing tombs.crypt
57%
A strong, regular pattern of sound or movement.rhythm
52%
Something done in a clever or wily way can be said to have been done __________.slyly
48%
A five-act play written be Henrik Ibsen, Peer ______.Gynt
43%
An open-air or covered location for athletic events.gym
39%
An aromatic resin, often used as a perfumemyrrh
26%
A fluid found in the body.lymph
26%
Saying something in a very matter-of-fact or ironically humorous way is to say something _____________.dryly
22%
In Greek and Roman mythology a minor female deity.nymph
17%
To speak in a way that is slightly sarcastic is to say something ___________.wryly
17%
In ancient Athens, the meeting place of the democratic assembly.Pnyx
4%

Score Distribution

Percentile by Number Answered

Percent of People with Each Score

Your Score History

You have not taken this quiz since the last reset